Miasta w Brazylii - Nagła Śmierć - Statystyki

Ogólne statystyki
  • Ten quiz został rozwiązany 147 razy
    15 od ostatniego zresetowania
  • Średni wynik to 9 z 23
Answers on the Grid
Answers color-coded by a green-red scale on the quiz's grid according to % correct below.
A Coruña
Albuquerque
Amazonas
Antofagasta
Aracaju
Barcelona
Belém
Belo Horizonte
Brasília
Buenos Aires
Campo Grande
Curitiba
Duque de Caxias
Florianópolis
Fortaleza
Gaugamela
Gaziantep
Goiânia
Guadalajara
Guadalcanal
Hanoi
Joinville
Kordoba
La Paz
Lima
Lizbona
Maceió
Managua
Manaus
Maputo
Medellín
Mérida
Montreal
Natal
Nîmes
Nova Iguaçu
Paramaribo
Porto Alegre
Porto Velho
Recife
Rio de Janeiro
Salvador
Santo Domingo
São Luís
São Paulo
São Tomé
Sarajewo
Tegucigalpa
Teneryfa
Vitória
Wodospady Iguaçu
 
Statystyki odpowiedzi
Odpowiedź % Poprawnych
Belo Horizonte
88%
Brasília
75%
Porto Alegre
75%
Curitiba
63%
Recife
63%
Rio de Janeiro
63%
São Paulo
63%
Fortaleza
50%
Manaus
50%
Nova Iguaçu
50%
Goiânia
38%
Salvador
38%
Belém
25%
Campo Grande
25%
Florianópolis
25%
Porto Velho
25%
São Luís
25%
Aracaju
13%
Duque de Caxias
13%
Maceió
13%
Natal
13%
Joinville
0%
Vitória
0%
Nie znaleziono quizów pasujących do podanych kryteriów
Rozkład punktacji
Procent ludzi z każdym wynikiem
Percentyl według liczby udzielonych odpowiedzi
Twoja historia wyników
Nie rozwiązałeś tego quizu od ostatniego zresetowania